000 00758nam a2200217 a 4500
001 000005437
005 20200929151658.0
008 090819s1993 sp 001 0 spa d
020 _a8400073525
040 _aDO-SdBNP
082 _axxxx
_bC737n
245 0 0 _aCompendio de nomenclatura macromolecular /
_cpreparado por M. V. Metanomski ; traducción J. Alemán-Vega.
260 _aMadrid, España :
_bConsejo Superior de Investigaciones Científicas,
_c1993.
300 _a172 p. ;
_c28 cm.
500 _aIncluye índice
504 _aIncluye referencias bibliográficas y notas al pie de las páginas
504 _aIncluye bibliografías
700 1 _aMetanomski, M. V.,
_epreparado
_915447
700 1 _aAlemán-Vega, J.,
_etr.
_915448
049 _aBNPD
999 _c5237
_d5237